000 00835nam a2200217 a 4500
003 0
005 20250313130526.0
008 080723s19uu xx 00 eng d
050 _aPGS PN 1992.8.A5
_b.T833 2008
100 _aTrinidad, John Iric M.
245 _aStudents anime preferences and viewing habits /
_cJohn Iric M. Trinidad.
260 _aLas PiƱas City, Philippines :
_bSouthville International School and Colleges,
_c2008.
300 _a27 pages :
_billustrations ;
_c28 cm.
504 _aIncludes bibliographical references.
650 _aAnime
_vSocial aspects.
650 _aAnimated television programs
_vPsychological aspects.
650 _aChildren and television
_vViewing habits.
650 _aMedia consumption in children.
650 _aTelevision programs
_vAudience preferences.
942 _2lcc
_cPASS
999 _c97904
_d97904